| 000 | 00938nam a22001937a 4500 | ||
|---|---|---|---|
| 999 |
_c62835 _d62835 |
||
| 003 | Ge_BSU | ||
| 005 | 20250306115111.0 | ||
| 008 | 250306s1947 ge ||||| |||| 00| 0 geo d | ||
| 041 | _ageo | ||
| 080 | _a616.8 ბ-52 | ||
| 100 |
_aბერიტაშვილი, ი.ს. _924471 |
||
| 245 |
_aნერვული და ფსიქონერვული მოქმედების ძირითადი ფორმები / _cი.ს. ბერიტაშვილი. |
||
| 264 |
_aთბილისი : _bსაქმედგამის გამ-ბა და სტ., _c1947. |
||
| 300 |
_a124 გვ. ; _b20 სმ. |
||
| 504 | _aბიბლიოგრაფია: ლიტერატურა, გვ. 107-124. | ||
| 653 | _aნერვული დაავადებები | ||
| 653 | _aფსიქონერვული მოქმედებები | ||
| 942 |
_2udc _cᲬᲘᲒᲜᲘ |
||